Language Teaching Methodology 1 Module1

Zapisane w:
Opis bibliograficzny
1. autor: Khoa Anh
Format: Książka
Język:English
Wydane: ĐHNN
Hasła przedmiotowe:
Etykiety: Dodaj etykietę
Nie ma etykietki, Dołącz pierwszą etykiete!
Thư viện lưu trữ: Mạng thư viện Đại học Đà Nẵng
LEADER 01046cam a22003251a 4500
001 000035371
003 11649
005 20160318000000.0
008 151207s0 enk 000 eng
041 |a eng 
082 |a 420.4  |b KH-A  |2 Module1 
100 |a Khoa Anh 
245 |a Language Teaching Methodology 1  |c Khoa Anh  |n Module1 
260 |a ĐHNN 
300 |a 60tr . : mh ; 30cm 
650 |a Giáo học pháp 1, KH-A, Language Teaching Methodology, 420.4 
852 |b Chuyên đề  |c Giáo trình 
OWN |a LNN 
AVA |a UDN50  |b LNN  |d 420.4 KH-A  |e available  |t Error 5001 Not defined in file expand_doc_bib_avail.  |f 1  |g 0  |h N  |i 0  |k 1 
999 |a From the UDN01 
AVA |a UDN50  |b LNN  |d 420.4 KH-A  |e available  |t Error 5001 Not defined in file expand_doc_bib_avail.  |f 1  |g 0  |h N  |i 0  |k 1 
TYP |a Monograph 
TYP |a Printed language 
980 |a Mạng thư viện Đại học Đà Nẵng